00546nam a22001817a 450000500170000001000150001702000260003203500130005803700130007108200150008410000200009924500710011926000440019027000360023430000240027050000500029470000200034420140313102300.0 aENG-109482 c275.00a9788183163194 aEN-93015 bDBAD/PUB a327.172071 aCharles, Kiruba00aPeace and value education /cby KIruba Charles [and] V. Arul Selvi aHyderabadbNeelkamal Publicationsc2012 aSultan BazarbHyderabade500095 axv,404p.c24cm(pbk) aIncludes bibliographical references and index a Arul Selvi, V.